Engineering Aspects of Milk and Dairy Products : (Record no. 3487)
[ view plain ]
| 000 -LEADER | |
|---|---|
| fixed length control field | 01202naa a22003017u 4500 |
| 001 - CONTROL NUMBER | |
| control field | 06163 |
| 003 - CONTROL NUMBER IDENTIFIER | |
| control field | HDC |
| 007 - PHYSICAL DESCRIPTION FIXED FIELD--GENERAL INFORMATION | |
| fixed length control field | cr bn ---aaaaa |
| 008 - FIXED-LENGTH DATA ELEMENTS--GENERAL INFORMATION | |
| fixed length control field | 210122s2010 flu 001 0 eng |
| 040 ## - CATALOGING SOURCE | |
| Original cataloging agency | HDC |
| 100 ## - MAIN ENTRY--PERSONAL NAME | |
| Personal name | Pereira, Ricardo Nuno, |
| Relator term | author |
| 9 (RLIN) | 6497 |
| 245 #0 - TITLE STATEMENT | |
| Title | Engineering Aspects of Milk and Dairy Products : |
| Remainder of title | Novel Technologies for Milk Processing / |
| Statement of responsibility, etc. | by Ricardo Nuno Pereira and António Augusto Vicente ; edited by Jane Sélia dos Reis Coimbra and José A. Teixeira |
| 260 ## - PUBLICATION, DISTRIBUTION, ETC. | |
| Place of publication, distribution, etc. | Boca Raton, FL : |
| Name of publisher, distributor, etc. | CRC Press/Taylor & Francis Group, |
| Date of publication, distribution, etc. | 2010 |
| 300 ## - PHYSICAL DESCRIPTION | |
| Extent | 20 pages |
| 336 ## - CONTENT TYPE | |
| Content type term | text |
| Source | rdacontent |
| 337 ## - MEDIA TYPE | |
| Media type term | computer |
| Source | rdamedia |
| 338 ## - CARRIER TYPE | |
| Carrier type term | online resource |
| Source | rdacarrier |
| 500 ## - GENERAL NOTE | |
| General note | Original from book |
| 650 ## - SUBJECT ADDED ENTRY--TOPICAL TERM | |
| Topical term or geographic name entry element | Dairy processing |
| 9 (RLIN) | 6277 |
| 650 ## - SUBJECT ADDED ENTRY--TOPICAL TERM | |
| Topical term or geographic name entry element | Dairy products |
| 9 (RLIN) | 6279 |
| 650 ## - SUBJECT ADDED ENTRY--TOPICAL TERM | |
| Topical term or geographic name entry element | Milk |
| 9 (RLIN) | 6278 |
| 700 ## - ADDED ENTRY--PERSONAL NAME | |
| Personal name | Coimbra, Jane Selia dos Reis, |
| Dates associated with a name | 1962- |
| Relator term | editor |
| 9 (RLIN) | 6489 |
| 700 ## - ADDED ENTRY--PERSONAL NAME | |
| Personal name | Teixeira, José A., |
| Fuller form of name | (José António), |
| Dates associated with a name | 1957- |
| Relator term | editor |
| 9 (RLIN) | 6490 |
| 856 ## - ELECTRONIC LOCATION AND ACCESS | |
| Public note | Request full-text at [email protected] |
| 942 ## - ADDED ENTRY ELEMENTS (KOHA) | |
| Source of classification or shelving scheme | Library of Congress Classification |
| 942 ## - ADDED ENTRY ELEMENTS (KOHA) | |
| Koha item type | Chapter in Books |
| 942 ## - ADDED ENTRY ELEMENTS (KOHA) | |
| Call number prefix | EBCH 000096 |
| Withdrawn status | Lost status | Source of classification or shelving scheme | Damaged status | Not for loan | Home library | Current library | Shelving location | Date acquired | Total checkouts | Full call number | Date last seen | Price effective from | Koha item type |
|---|---|---|---|---|---|---|---|---|---|---|---|---|---|
| Library of Congress Classification | Halal Development Corporation Library | Halal Development Corporation Library | Open Shelves | 24/05/2023 | EBCH 000096 | 24/05/2023 | 24/05/2023 | Chapter in Books |
